000 00290nam a22001337a 4500
008 170913b xxu||||| |||| 00| 0 eng d
020 _a9783492031967
041 _ager
080 _a53
100 _a43
101 _aFIZ
245 _aDAS PARADOX DER ZEIT
_cPRIGOGINE,I
942 _2udc
_cBK
999 _c27406
_d27406